000
00300nam a22001457a 4500
008
221010b ||||| |||| 00| 0 eng d
020
_a
9781595620156
041
_a
eng
080
_a
34
082
_a
34
100
_a
31
101
_a
JUR
245
_a
STRENGTHS FINDER
_c
TOM R
942
_2
udc
_c
BK
999
_c
58464
_d
58464